Σύγκριση προτύπων διοίκησης έργων ΕΛΟΤ 1429 και PRINCE 2 : μελέτη περίπτωσης δημόσιου οργανισμού εκτέλεσης αρχαιολογικών έργων : [μεταπτυχιακή εργασία]

Αποθηκεύτηκε σε:
Λεπτομέρειες βιβλιογραφικής εγγραφής
Κύριος συγγραφέας: Παυλοπούλου, Ιωάννα
Συγγραφή απο Οργανισμό/Αρχή: Πανεπιστήμιο Αιγαίου Σχολή Επιστημών της Διοίκησης Τμήμα Μηχανικών Οικονομίας και Διοίκησης Μεταπτυχιακό Πρόγραμμα Σπουδών "Οικονομική & Διοίκηση για Μηχανικούς" - Ο.ΔΙ.Μ
Άλλοι συγγραφείς: Λιάγκουρας, Γιώργος (Εισηγητής διατριβής)
Μορφή: Thesis Βιβλίο
Γλώσσα:Greek
Δημοσίευση: 2010
Θέματα:
Διαθέσιμο Online:http://hdl.handle.net/11610/14647
Ετικέτες: Προσθήκη ετικέτας
Δεν υπάρχουν, Καταχωρήστε ετικέτα πρώτοι!

MARC

LEADER 00000cam a2200000 i 4500
001 1/15295
008 111003s2010 gre d
035 |l 10110920 
040 |a GR-MY-UA  |b gre  |e aacr 
041 0 |a gre 
082 0 |a 658.404  |2 (22) 
100 1 |a Παυλοπούλου, Ιωάννα. 
245 1 0 |a Σύγκριση προτύπων διοίκησης έργων ΕΛΟΤ 1429 και PRINCE 2 :  |b μελέτη περίπτωσης δημόσιου οργανισμού εκτέλεσης αρχαιολογικών έργων : [μεταπτυχιακή εργασία] /  |c Παυλοπούλου Ιωάννα ; επιβλέπων καθηγητής: Γ. Λιάγκουρας 
260 |c 2010 
300 |a 190 σ.;  |c 30 εκ. 
502 # # |a Διατριβή (μεταπτυχιακή) – Πανεπιστήμιο Αιγαίου, Χίος, 2010. 
504 |a Περιλαμβάνει βιβλιογραφία 
650 0 0 |a Project management  |x Evaluation. 
650 0 0 |a Public works. 
650 0 0 |a Dissertations, Academic  |z Greece. 
700 0 |4 ths  |a Λιάγκουρας, Γιώργος. 
710 1 |a Πανεπιστήμιο Αιγαίου  |b Σχολή Επιστημών της Διοίκησης  |b Τμήμα Μηχανικών Οικονομίας και Διοίκησης  |b Μεταπτυχιακό Πρόγραμμα Σπουδών "Οικονομική & Διοίκηση για Μηχανικούς" - Ο.ΔΙ.Μ. 
852 |a INST  |b CHIOS  |c DIATR  |e 20111003  |h 658.404 ΠΑΥ  |p 005200031581  |q 005200031581  |t MTXE  |y 23 
852 |a INST  |b CHIOS  |c DIATR  |e 20111003  |h 658.404 ΠΑΥ  |p 005200031583  |q 005200031583  |t MTXE  |y 23 
856 |u http://hdl.handle.net/11610/14647 
901 |a BIBL2-2011-3 
909 |a Χ  |b 149553 
909 |a Χ  |b 149554 
924 |a ΠΑΥΛΟΠΟΥΛΟΥ  |b ΙΩΑΝΝΑ  |y ΧΙΟΣ  |z 2011-01 
970 |a ΠΑΡΟΙΚΑΚΗ  |b ΒΑΣΙΛΙΚΗ  |z 2011/10/03